00606nam a22001817a 450000500170000000800410001704000250005804100080008304400070009110000290009824501400012726000440026730000150031165000180032665000160034465000480036065000160040820180803170207.0151217b xxu||||| |||| 00| 0 spa d aCO-BoIAVHcCO-BoIAVH aspa ack1 aBeatriz Gallego Castillo aMaterias primas vegetales utilizadas en la elaboración de artesanías por las comunidades Indígenas Waunan del bajo rió San Juan aCali:bArtesanías de Colombia,c1995. a60.Paginas aGerminación aFenología adensidad y demografía de la Palma Weguerr aAlometría